[Event "Commonwealth Open 2019"]
[Site "Delhi"]
[Date "2019.07.06"]
[Round "8.3"]
[White "Aravindh, Chithambaram Vr."]
[Black "Lalith, Babu M R"]
[Result "1-0"]
[WhiteElo "2598"]
[BlackElo "2571"]
[Annotator "ChessBase"]
[PlyCount "87"]
[EventDate "2019.06.30"]
[EventType "swiss"]
[EventCountry "IND"]
[SourceTitle "playchess.com"]
[Source "ChessBase"]
[SourceQuality "1"]
[TimeControl "5400+30"]

1. d4 {[%emt 0:00:00]} d5 {[%emt 0:00:00]} 2. c4 {[%emt 0:00:00]} e6 {[%emt 0:00:00]} 3. Nc3 {[%emt 0:00:07]} Bb4 {[%emt 0:00:00]} 4. Nf3 {[%emt 0:00:06]} Nf6 {[%emt 0:00:00]} 5. Qa4+ {[%emt 0:00:09]} Nc6 {[%emt 0:00:05]} 6. e3 {[%emt 0:00:06]} O-O {[%emt 0:02:51]} 7. Qc2 {[%emt 0:00:28]} Bd6 {[%emt 0:05:13]} 8. Bd2 {[%emt 0:07:56]} b6 {[%emt 0:03:13]} 9. a3 {[%emt 0:05:52]} Bb7 {[%emt 0:07:20]} 10. Bd3 {[%emt 0:06:41]} dxc4 {[%emt 0:10:03]} 11. Bxc4 {[%emt 0:00:43]} a6 {[%emt 0:07:44]} 12. O-O-O {[%emt 0:02:54]} b5 {[%emt 0:01:34]} 13. Ba2 {[%emt 0:06:16]} e5 {[%emt 0:00:30]} 14. Bb1 {[%emt 0:00:30]} Re8 {[%emt 0:17:45]} 15. Rhe1 {[%emt 0:09:18]} b4 {[%emt 0:03:18]} 16. dxe5 {[%emt 0:05:43]} Bxe5 {[%emt 0:18:30]} 17. Nxe5 {[%emt 0:01:09]} Rxe5 {[%emt 0:00:03]} 18. Na2 {[%emt 0:09:06]} bxa3 {[%emt 0:05:36]} 19. Bc3 {[%emt 0:00:41]} Qe7 {[%emt 0:00:03]} 20. Bxe5 {[%emt 0:09:16]} Nxe5 {[%emt 0:01:14]} 21. e4 {[%emt 0:00:12]} axb2+ {[%emt 0:00:56]} 22. Qxb2 {[%emt 0:00:09]} Bc6 {[%emt 0:05:21]} 23. f4 {[%emt 0:09:53]} Ned7 {[%emt 0:00:18]} 24. Qc3 {[%emt 0:09:12]} Nc5 {[%emt 0:02:47]} 25. Nb4 {[%emt 0:05:36]} Ba4 {[%emt 0:03:20]} 26. Nd5 {[%emt 0:06:10]} Nxd5 {[%emt 0:01:05]} 27. Rxd5 {[%emt 0:00:09]} Nd7 {[%emt 0:01:01]} 28. Re3 {[%emt 0:02:41]} c6 {[%emt 0:02:43]} 29. Rd4 {[%emt 0:00:28]} Bb5 {[%emt 0:00:02]} 30. Rg3 {[%emt 0:01:08]} g6 {[%emt 0:00:04]} 31. h4 {[%emt 0:00:15]} Nf6 {[%emt 0:00:24]} 32. Rg5 {[%emt 0:00:05]} Rc8 {[%emt 0:01:42]} 33. e5 {[%emt 0:01:02]} Nh5 {[%emt 0:00:57]} 34. f5 {[%emt 0:00:26]} c5 {[%emt 0:00:18]} 35. f6 {[%emt 0:01:29]} Qb7 {[%emt 0:00:26]} 36. Rd2 {[%emt 0:00:39]} Nf4 {[%emt 0:00:07]} 37. h5 {[%emt 0:00:57]} Ne6 {[%emt 0:01:05]} 38. Rg3 {[%emt 0:00:04]} Be8 {[%emt 0:00:10]} 39. hxg6 {[%emt 0:00:11]} hxg6 {[%emt 0:00:04]} 40. Qc4 {[%emt 0:00:42]} Rb8 {[%emt 0:00:40]} 41. Ba2 {[%emt 0:00:16]} Qc7 {[%emt 0:00:15]} 42. Rxg6+ {[%emt 0:00:18]} fxg6 {[%emt 0:01:34]} 43. Qxe6+ {[%emt 0:00:04]} Kh7 {[%emt 0:00:12]} 44. Qh3# {[%emt 0:00:05]} 1-0

[Event "Commonwealth Open 2019"]
[Site "Delhi"]
[Date "2019.07.06"]
[Round "8.4"]
[White "Erigaisi, Arjun"]
[Black "Debashis, Das"]
[Result "1-0"]
[WhiteElo "2526"]
[BlackElo "2544"]
[Annotator "ChessBase"]
[PlyCount "43"]
[EventDate "2019.06.30"]
[EventType "swiss"]
[EventCountry "IND"]
[SourceTitle "playchess.com"]
[Source "ChessBase"]
[SourceQuality "1"]
[TimeControl "5400+30"]

1. d4 {[%emt 0:00:00]} e6 {[%emt 0:00:53]} 2. c4 {[%emt 0:00:00]} Bb4+ {[%emt 0:00:05]} 3. Nc3 {[%emt 0:00:00]} b6 {[%emt 0:01:29]} 4. Qc2 {[%emt 0:00:05]} c5 {[%emt 0:00:11]} 5. e4 {[%emt 0:00:13]} Nf6 {[%emt 0:00:30]} 6. d5 {[%emt 0:00:30]} O-O {[%emt 0:06:55]} 7. Nge2 {[%emt 0:08:56]} d6 {[%emt 0:03:33]} 8. a3 {[%emt 0:03:46]} Ba5 {[%emt 0:00:23]} 9. f3 {[%emt 0:04:48]} b5 {[%emt 0:06:24]} 10. cxb5 {[%emt 0:18:27]} exd5 {[%emt 0:06:08]} 11. exd5 {[%emt 0:00:08]} a6 12. Bd2 {[%emt 0:11:57]} Bd7 {[%emt 0:17:40]} 13. bxa6 {[%emt 0:07:47]} Nxa6 {[%emt 0:00:53]} 14. Ng3 {[%emt 0:01:08]} Re8+ {[%emt 0:11:48]} 15. Be2 {[%emt 0:00:21]} Nc7 {[%emt 0:01:04]} 16. O-O {[%emt 0:03:56]} Ncxd5 {[%emt 0:01:15]} 17. Nxd5 {[%emt 0:02:34]} Nxd5 {[%emt 0:00:15]} 18. Ne4 {[%emt 0:00:30]} Bf5 {[%emt 0:00:30]} 19. Rac1 {[%emt 0:06:14]} Re5 {[%emt 0:26:07]} 20. Rcd1 {[%emt 0:05:19]} Bxd2 {[%emt 0:09:37]} 21. Bc4 {[%emt 0:00:30]} Bxe4 {[%emt 0:00:18]} 22. Qxd2 {[%emt 0:00:08]} 1-0

[Event "Commonwealth Open 2019"]
[Site "Delhi"]
[Date "2019.07.06"]
[Round "8.5"]
[White "Tania, Sachdev"]
[Black "Iniyan, P."]
[Result "0-1"]
[WhiteElo "2401"]
[BlackElo "2525"]
[Annotator "ChessBase"]
[PlyCount "120"]
[EventDate "2019.06.30"]
[EventType "swiss"]
[EventCountry "IND"]
[SourceTitle "playchess.com"]
[Source "ChessBase"]
[SourceQuality "1"]
[TimeControl "5400+30"]

1. d4 {[%emt 0:00:35]} Nf6 {[%emt 0:00:15]} 2. c4 {[%emt 0:00:04]} g6 {[%emt 0:00:05]} 3. Nc3 {[%emt 0:00:03]} Bg7 {[%emt 0:00:07]} 4. e4 {[%emt 0:00:05]} d6 {[%emt 0:00:05]} 5. f3 {[%emt 0:00:04]} O-O {[%emt 0:00:06]} 6. Nge2 {[%emt 0:00:04]} c5 {[%emt 0:00:07]} 7. d5 {[%emt 0:00:04]} e6 {[%emt 0:00:05]} 8. Ng3 {[%emt 0:00:09]} exd5 {[%emt 0:00:06]} 9. cxd5 {[%emt 0:00:02]} a6 {[%emt 0:00:37]} 10. a4 {[%emt 0:00:05]} h5 {[%emt 0:00:05]} 11. Bg5 {[%emt 0:00:26]} Qb6 {[%emt 0:00:43]} 12. Qd2 {[%emt 0:00:20]} Nh7 {[%emt 0:00:06]} 13. a5 {[%emt 0:03:11]} Qc7 {[%emt 0:00:53]} 14. Bh6 {[%emt 0:04:31]} Bxh6 {[%emt 0:03:23]} 15. Qxh6 {[%emt 0:00:05]} b5 {[%emt 0:04:04]} 16. axb6 {[%emt 0:03:42]} Qxb6 {[%emt 0:00:42]} 17. Rb1 {[%emt 0:15:52]} Nd7 {[%emt 0:06:41]} 18. Be2 {[%emt 0:00:18]} c4 {[%emt 0:10:14]} 19. Bxc4 {[%emt 0:01:46]} Ne5 {[%emt 0:00:25]} 20. Be2 {[%emt 0:00:04]} f5 {[%emt 0:02:41]} 21. exf5 {[%emt 0:17:14]} Bxf5 {[%emt 0:00:09]} 22. Nxf5 {[%emt 0:00:13]} Rxf5 {[%emt 0:01:36]} 23. Qd2 {[%emt 0:00:44]} Nf6 {[%emt 0:01:55]} 24. Rd1 {[%emt 0:18:45]} Rc8 {[%emt 0:10:02]} 25. Na4 {[%emt 0:04:28]} Qb3 {[%emt 0:01:00]} 26. Nc3 {[%emt 0:00:04]} Nc4 {[%emt 0:16:44]} 27. Bxc4 {[%emt 0:07:23]} Qxc4 {[%emt 0:00:07]} 28. Qd4 {[%emt 0:02:34]} Qb3 {[%emt 0:14:15]} 29. O-O {[%emt 0:03:56]} Qxb2 {[%emt 0:01:25]} 30. Ne4 {[%emt 0:00:39]} Qxd4+ {[%emt 0:00:48]} 31. Rxd4 {[%emt 0:00:03]} Nxe4 {[%emt 0:00:08]} 32. fxe4 {[%emt 0:00:06]} Rxf1+ {[%emt 0:00:08]} 33. Kxf1 {[%emt 0:00:01]} a5 {[%emt 0:00:07]} 34. Ra4 {[%emt 0:01:48]} Rc5 {[%emt 0:00:05]} 35. Kf2 {[%emt 0:00:49]} Kf7 {[%emt 0:00:05]} 36. Ke3 {[%emt 0:00:18]} Kf6 {[%emt 0:00:09]} 37. Kd4 {[%emt 0:01:47]} Rb5 {[%emt 0:01:31]} 38. Kc4 {[%emt 0:04:25]} Rc5+ {[%emt 0:00:16]} 39. Kd4 {[%emt 0:00:06]} Rb5 {[%emt 0:00:02]} 40. Kc4 {[%emt 0:00:08]} Rb2 {[%emt 0:00:05]} 41. g3 {[%emt 0:05:46]} Ke5 {[%emt 0:01:54]} 42. Rxa5 {[%emt 0:00:27]} Kxe4 {[%emt 0:00:06]} 43. Ra6 {[%emt 0:04:37]} Ke5 {[%emt 0:00:06]} 44. Ra8 {[%emt 0:01:03]} Rc2+ {[%emt 0:00:08]} 45. Kd3 {[%emt 0:00:48]} Rxh2 {[%emt 0:05:04]} 46. Rg8 {[%emt 0:00:23]} Kf5 {[%emt 0:04:03]} 47. Rf8+ {[%emt 0:01:36]} Kg5 {[%emt 0:01:21]} 48. Rd8 {[%emt 0:00:37]} Rh3 {[%emt 0:00:09]} 49. Rxd6 {[%emt 0:00:32]} Rxg3+ {[%emt 0:00:34]} 50. Ke4 {[%emt 0:00:55]} Rg4+ {[%emt 0:00:27]} 51. Ke3 {[%emt 0:00:46]} Rg3+ {[%emt 0:01:31]} 52. Kf2 {[%emt 0:00:33]} h4 {[%emt 0:01:19]} 53. Rd8 {[%emt 0:00:19]} Kg4 {[%emt 0:00:13]} 54. d6 {[%emt 0:00:17]} Rd3 {[%emt 0:00:19]} 55. d7 {[%emt 0:01:05]} g5 {[%emt 0:00:05]} 56. Ke2 {[%emt 0:00:06]} Rd5 {[%emt 0:00:07]} 57. Ke3 {[%emt 0:01:02]} h3 {[%emt 0:00:45]} 58. Ke4 {[%emt 0:00:31]} Rd1 {[%emt 0:00:27]} 59. Ke3 {[%emt 0:00:18]} h2 {[%emt 0:00:19]} 60. Rh8 {[%emt 0:00:09]} Kg3 {[%emt 0:00:05] Kd4} 0-1

[Event "Commonwealth Open 2019"]
[Site "Delhi"]
[Date "2019.07.06"]
[Round "8.6"]
[White "Swayams, Mishra"]
[Black "Karthikeyan, P.."]
[Result "1/2-1/2"]
[WhiteElo "2493"]
[BlackElo "2445"]
[Annotator "ChessBase"]
[PlyCount "73"]
[EventDate "2019.06.30"]
[EventType "swiss"]
[EventCountry "IND"]
[SourceTitle "playchess.com"]
[Source "ChessBase"]
[SourceQuality "1"]
[TimeControl "5400+30"]

1. d4 {[%emt 0:00:00]} Nf6 {[%emt 0:00:00]} 2. Bf4 {[%emt 0:00:00]} g6 {[%emt 0:00:00]} 3. Nc3 {[%emt 0:00:00]} d5 {[%emt 0:00:00]} 4. e3 {[%emt 0:00:18]} Bg7 {[%emt 0:00:32]} 5. h4 {[%emt 0:00:15]} c5 {[%emt 0:00:18]} 6. Nb5 {[%emt 0:00:54]} Na6 {[%emt 0:00:03]} 7. c3 {[%emt 0:00:10]} O-O {[%emt 0:00:40]} 8. Be2 {[%emt 0:01:30]} Bd7 {[%emt 0:01:19]} 9. a4 {[%emt 0:00:31]} c4 {[%emt 0:00:28]} 10. h5 {[%emt 0:02:08]} Qb6 {[%emt 0:07:08]} 11. hxg6 {[%emt 0:01:20]} fxg6 {[%emt 0:00:35]} 12. b3 {[%emt 0:00:17]} Rac8 {[%emt 0:05:01]} 13. bxc4 {[%emt 0:08:39]} dxc4 {[%emt 0:00:29]} 14. Bf3 {[%emt 0:00:35]} Bc6 {[%emt 0:04:41]} 15. Be5 {[%emt 0:02:25]} Nb8 {[%emt 0:08:12]} 16. d5 {[%emt 0:06:56]} Bxb5 {[%emt 0:06:24]} 17. Bd4 {[%emt 0:01:44]} Qd6 {[%emt 0:02:05]} 18. axb5 {[%emt 0:00:27]} Nbd7 {[%emt 0:00:57]} 19. Rxa7 {[%emt 0:02:11]} Nc5 {[%emt 0:03:24]} 20. Bxc5 {[%emt 0:05:10]} Rxc5 {[%emt 0:03:56]} 21. Rxb7 {[%emt 0:00:08]} g5 {[%emt 0:06:02]} 22. e4 {[%emt 0:15:43]} Rb8 {[%emt 0:14:57]} 23. Rxb8+ {[%emt 0:00:31]} Qxb8 {[%emt 0:00:02]} 24. Nh3 {[%emt 0:00:50]} Rxb5 {[%emt 0:00:24]} 25. O-O {[%emt 0:00:13]} Qe5 {[%emt 0:00:55]} 26. Bg4 {[%emt 0:01:06]} Nxe4 {[%emt 0:06:08]} 27. Be6+ {[%emt 0:00:05]} Kh8 {[%emt 0:00:08]} 28. Qh5 {[%emt 0:03:16]} Nf6 {[%emt 0:07:10]} 29. Qxg5 {[%emt 0:01:47]} Nxd5 {[%emt 0:02:59]} 30. Qg4 {[%emt 0:04:16]} Nxc3 {[%emt 0:02:01]} 31. Bxc4 {[%emt 0:00:28]} Rc5 {[%emt 0:00:38]} 32. Qd7 {[%emt 0:05:22]} Qf6 {[%emt 0:02:28]} 33. Qd8+ {[%emt 0:00:45]} Qf8 {[%emt 0:02:40]} 34. Qd3 {[%emt 0:00:06]} Qf5 {[%emt 0:00:24]} 35. Qd8+ {[%emt 0:00:56]} Qf8 {[%emt 0:00:03]} 36. Qd3 {[%emt 0:00:07]} Qf5 {[%emt 0:00:03]} 37. Qd8+ 1/2-1/2

[Event "Commonwealth Open 2019"]
[Site "Delhi"]
[Date "2019.07.06"]
[Round "8.7"]
[White "Krishna, C R G"]
[Black "Wagh, Suyog"]
[Result "1/2-1/2"]
[WhiteElo "2481"]
[BlackElo "2250"]
[Annotator "ChessBase"]
[PlyCount "32"]
[EventDate "2019.06.30"]
[EventType "swiss"]
[EventCountry "IND"]
[SourceTitle "playchess.com"]
[Source "ChessBase"]
[SourceQuality "1"]
[TimeControl "5400+30"]

1. g3 {[%emt 0:09:54]} Nf6 {[%emt 0:03:23]} 2. Bg2 {[%emt 0:00:08]} e5 {[%emt 0:00:19]} 3. c4 {[%emt 0:00:54]} d5 {[%emt 0:03:47]} 4. cxd5 {[%emt 0:00:08]} Nxd5 {[%emt 0:00:06]} 5. Nc3 {[%emt 0:00:13]} Nb6 {[%emt 0:00:07]} 6. Nf3 {[%emt 0:00:10]} Nc6 {[%emt 0:00:04]} 7. O-O {[%emt 0:00:20]} Be7 {[%emt 0:03:10]} 8. d3 {[%emt 0:02:24]} O-O {[%emt 0:01:37]} 9. Be3 {[%emt 0:00:36]} Re8 {[%emt 0:02:54]} 10. a3 {[%emt 0:08:21]} a5 {[%emt 0:09:14]} 11. Rc1 {[%emt 0:02:14]} Be6 {[%emt 0:05:53]} 12. Ne4 {[%emt 0:09:59]} Bd5 {[%emt 0:03:19]} 13. Nc3 {[%emt 0:03:49]} Be6 {[%emt 0:01:36]} 14. Ne4 {[%emt 0:00:15]} Bd5 {[%emt 0:02:11]} 15. Nc5 {[%emt 0:00:19]} Nd4 {[%emt 0:04:03]} 16. Ne4 {[%emt 0:15:53]} Nc6 {[%emt 0:08:43]} 1/2-1/2

[Event "Commonwealth Open 2019"]
[Site "Delhi"]
[Date "2019.07.06"]
[Round "8.8"]
[White "Kunte, Abhijit"]
[Black "Mahalakshmi, M."]
[Result "1-0"]
[WhiteElo "2478"]
[BlackElo "2245"]
[Annotator "ChessBase"]
[PlyCount "137"]
[EventDate "2019.06.30"]
[EventType "swiss"]
[EventCountry "IND"]
[SourceTitle "playchess.com"]
[Source "ChessBase"]
[SourceQuality "1"]
[TimeControl "5400+30"]

1. d4 {[%emt 0:00:57]} Nf6 {[%emt 0:00:00]} 2. c4 {[%emt 0:00:06]} e6 {[%emt 0:00:00]} 3. Nf3 {[%emt 0:00:13]} b6 {[%emt 0:00:00]} 4. g3 {[%emt 0:00:07]} Ba6 {[%emt 0:00:14]} 5. Qa4 {[%emt 0:03:40]} Bb7 {[%emt 0:01:44]} 6. Bg2 {[%emt 0:00:07]} c5 {[%emt 0:00:39]} 7. O-O {[%emt 0:05:18]} cxd4 {[%emt 0:02:55]} 8. Nxd4 {[%emt 0:00:05]} Bxg2 {[%emt 0:01:36]} 9. Kxg2 {[%emt 0:00:07]} Bc5 {[%emt 0:05:39]} 10. Rd1 {[%emt 0:01:43]} Qc8 {[%emt 0:06:33]} 11. Nc3 {[%emt 0:01:10]} Qb7+ {[%emt 0:04:51]} 12. f3 {[%emt 0:00:15]} O-O {[%emt 0:02:49]} 13. Bg5 {[%emt 0:00:14]} Be7 {[%emt 0:00:53]} 14. Bxf6 {[%emt 0:06:46]} Bxf6 {[%emt 0:01:08]} 15. Ne4 {[%emt 0:00:06]} Be7 {[%emt 0:03:44]} 16. Rac1 {[%emt 0:04:44]} a6 {[%emt 0:03:44]} 17. Qb3 {[%emt 0:03:07]} d6 {[%emt 0:04:08]} 18. c5 {[%emt 0:06:24]} dxc5 {[%emt 0:02:07]} 19. Nxc5 {[%emt 0:00:06]} Bxc5 {[%emt 0:00:52]} 20. Rxc5 {[%emt 0:00:07]} Nd7 {[%emt 0:03:44]} 21. Rc6 {[%emt 0:02:56]} Rab8 {[%emt 0:05:49]} 22. Qc3 {[%emt 0:10:00]} Nf6 {[%emt 0:06:46]} 23. e4 {[%emt 0:13:18]} Rbd8 {[%emt 0:05:07]} 24. Rc7 {[%emt 0:07:38]} Qa8 {[%emt 0:01:01]} 25. Rd2 {[%emt 0:01:42]} Qb8 {[%emt 0:09:36]} 26. Rc2 {[%emt 0:02:16]} h6 {[%emt 0:04:21]} 27. Rc4 {[%emt 0:03:12]} Qb7 {[%emt 0:06:14]} 28. Rc7 {[%emt 0:02:06]} Qb8 {[%emt 0:00:15]} 29. a4 {[%emt 0:00:37]} Rd7 {[%emt 0:05:29]} 30. Rxd7 {[%emt 0:00:19]} Nxd7 {[%emt 0:00:02]} 31. Nc6 {[%emt 0:04:33]} Qb7 {[%emt 0:00:47]} 32. Ne7+ {[%emt 0:00:26]} Kh7 {[%emt 0:00:32]} 33. Qc7 {[%emt 0:00:07]} Rb8 {[%emt 0:02:59]} 34. Qxb7 {[%emt 0:05:53]} Rxb7 {[%emt 0:00:01]} 35. Nc8 {[%emt 0:00:02]} Kg8 {[%emt 0:05:53]} 36. b4 {[%emt 0:03:37]} Kf8 {[%emt 0:01:59]} 37. Nd6 {[%emt 0:00:09]} Ra7 {[%emt 0:01:28]} 38. f4 {[%emt 0:00:55]} f6 {[%emt 0:01:20]} 39. Rc6 {[%emt 0:01:09]} Ra8 {[%emt 0:00:36]} 40. Rc7 {[%emt 0:00:41]} Ke7 {[%emt 0:01:16]} 41. Nc8+ {[%emt 0:00:06]} Ke8 {[%emt 0:00:34]} 42. Rc6 {[%emt 0:01:08]} b5 {[%emt 0:00:45]} 43. a5 {[%emt 0:01:00]} Kd8 {[%emt 0:00:46]} 44. Nb6 {[%emt 0:02:45]} Nxb6 {[%emt 0:00:17]} 45. axb6 {[%emt 0:00:29]} e5 {[%emt 0:00:34]} 46. fxe5 {[%emt 0:01:42]} fxe5 {[%emt 0:00:02]} 47. b7 {[%emt 0:00:17]} Rb8 {[%emt 0:00:10]} 48. Rxa6 {[%emt 0:00:05]} Rxb7 {[%emt 0:00:58]} 49. Re6 {[%emt 0:00:04]} Re7 {[%emt 0:00:57]} 50. Rb6 {[%emt 0:00:06]} Rc7 {[%emt 0:00:33]} 51. Rxb5 {[%emt 0:00:07]} Rc2+ {[%emt 0:00:02]} 52. Kh3 {[%emt 0:00:30]} Rc4 {[%emt 0:00:50]} 53. Rd5+ {[%emt 0:01:12]} Ke7 {[%emt 0:00:05]} 54. Rxe5+ {[%emt 0:00:08]} Kd6 {[%emt 0:00:46]} 55. Rf5 {[%emt 0:04:56]} Ke6 {[%emt 0:00:26]} 56. b5 {[%emt 0:00:07]} Rxe4 {[%emt 0:00:19]} 57. Rf4 {[%emt 0:00:05]} Re2 {[%emt 0:00:48]} 58. Rb4 {[%emt 0:00:10]} Kd7 {[%emt 0:00:23]} 59. b6 {[%emt 0:02:59]} Kc8 {[%emt 0:00:23]} 60. Rc4+ {[%emt 0:00:05]} Kb8 {[%emt 0:00:51]} 61. Rc7 {[%emt 0:00:08]} g5 {[%emt 0:00:36]} 62. Rh7 {[%emt 0:00:05]} Re6 {[%emt 0:00:32]} 63. b7 {[%emt 0:00:04]} Rb6 {[%emt 0:00:23]} 64. Kg4 {[%emt 0:00:06]} Rb2 {[%emt 0:00:20]} 65. Rxh6 {[%emt 0:00:07]} Rxb7 {[%emt 0:00:04]} 66. Rh8+ {[%emt 0:00:06]} Ka7 {[%emt 0:00:06]} 67. Kxg5 {[%emt 0:00:04]} Kb6 {[%emt 0:00:06]} 68. g4 {[%emt 0:00:06]} Kc6 {[%emt 0:00:04]} 69. Rd8 {[%emt 0:00:16] Kd5} 1-0

[Event "Commonwealth Open 2019"]
[Site "Delhi"]
[Date "2019.07.06"]
[Round "8.9"]
[White "Navalgund, Niranjan"]
[Black "Laxman, R.R."]
[Result "1-0"]
[WhiteElo "2326"]
[BlackElo "2437"]
[Annotator "NA"]
[PlyCount "75"]
[EventDate "2019.06.30"]
[EventType "swiss"]
[EventCountry "IND"]
[SourceTitle "playchess.com"]
[Source "ChessBase"]
[SourceQuality "1"]
[TimeControl "5400+30"]

1. d4 {[%emt 0:00:00]} Nf6 2. c4 {[%emt 0:00:00]} e6 {[%emt 0:00:17]} 3. Nc3 {[%emt 0:00:00]} Bb4 {[%emt 0:00:02]} 4. f3 {[%emt 0:00:00]} c5 {[%emt 0:01:17]} 5. d5 {[%emt 0:00:00]} Nh5 {[%emt 0:00:20]} 6. g3 {[%emt 0:08:45]} d6 {[%emt 0:00:48]} 7. e4 {[%emt 0:00:46]} O-O {[%emt 0:00:31]} 8. f4 {[%emt 0:04:48]} Nf6 {[%emt 0:00:40]} 9. e5 {[%emt 0:01:25]} Ne4 {[%emt 0:05:04]} 10. Qc2 {[%emt 0:05:13]} exd5 {[%emt 0:00:42]} 11. cxd5 {[%emt 0:00:06]} f5 {[%emt 0:25:45]} 12. e6 {[%emt 0:03:19]} Na6 {[%emt 0:01:36]} 13. Bg2 {[%emt 0:07:50]} Qf6 {[%emt 0:00:51]} 14. Nge2 {[%emt 0:04:34]} Nc7 {[%emt 0:01:54]} 15. O-O {[%emt 0:09:12]} Bxc3 {[%emt 0:00:50]} 16. Nxc3 {[%emt 0:00:53]} Qd4+ {[%emt 0:00:25]} 17. Kh1 {[%emt 0:00:02]} Nxd5 {[%emt 0:00:31]} 18. Nxe4 {[%emt 0:06:37]} fxe4 {[%emt 0:00:18]} 19. Rd1 {[%emt 0:01:13]} Qb4 {[%emt 0:05:42]} 20. a3 {[%emt 0:06:32]} Qa5 {[%emt 0:00:02]} 21. Qxe4 {[%emt 0:03:29]} Nf6 {[%emt 0:00:02]} 22. Qe2 {[%emt 0:00:47]} d5 {[%emt 0:00:30]} 23. f5 {[%emt 0:00:32]} Qa6 {[%emt 0:02:18]} 24. Qxa6 {[%emt 0:04:35]} bxa6 {[%emt 0:00:01]} 25. Rxd5 {[%emt 0:00:01]} Bb7 {[%emt 0:00:57]} 26. Rxc5 {[%emt 0:00:55]} Ne4 {[%emt 0:00:30]} 27. Re5 {[%emt 0:01:00]} Nf2+ {[%emt 0:00:46]} 28. Kg1 {[%emt 0:00:02]} Bxg2 {[%emt 0:00:16]} 29. Kxg2 {[%emt 0:00:23]} Nd3 {[%emt 0:00:52]} 30. Rd5 {[%emt 0:01:11]} Ne1+ {[%emt 0:00:07]} 31. Kf2 {[%emt 0:00:27]} Nc2 {[%emt 0:00:05]} 32. Rb1 {[%emt 0:00:04]} Rab8 {[%emt 0:00:03]} 33. g4 {[%emt 0:09:07]} Nxa3 {[%emt 0:00:29]} 34. Ra1 {[%emt 0:00:01]} Nc2 {[%emt 0:00:05]} 35. Ra4 {[%emt 0:01:08]} Rfc8 {[%emt 0:00:07]} 36. Rd7 {[%emt 0:04:26]} Nb4 {[%emt 0:00:51]} 37. Bd2 {[%emt 0:01:21]} a5 {[%emt 0:00:12]} 38. Bc3 {[%emt 0:01:07]} 1-0

[Event "Commonwealth Open 2019"]
[Site "Delhi"]
[Date "2019.07.06"]
[Round "8.10"]
[White "Divya, Deshmukh"]
[Black "Aaryan Varshney"]
[Result "1-0"]
[WhiteElo "2414"]
[BlackElo "2284"]
[Annotator "NA"]
[PlyCount "107"]
[EventDate "2019.06.30"]
[EventType "swiss"]
[EventCountry "IND"]
[SourceTitle "playchess.com"]
[Source "ChessBase"]
[SourceQuality "1"]
[TimeControl "5400+30"]

1. e4 {[%emt 0:00:00]} c5 2. Nf3 {[%emt 0:00:00]} d6 {[%emt 0:00:00]} 3. d4 {[%emt 0:00:00]} cxd4 {[%emt 0:00:00]} 4. Qxd4 {[%emt 0:00:00]} Nc6 {[%emt 0:00:00]} 5. Bb5 {[%emt 0:00:00]} Bd7 {[%emt 0:00:01]} 6. Bxc6 {[%emt 0:00:00]} Bxc6 {[%emt 0:00:06]} 7. Nc3 {[%emt 0:00:00]} Nf6 {[%emt 0:00:07]} 8. Bg5 {[%emt 0:00:00]} e6 {[%emt 0:00:06]} 9. O-O-O {[%emt 0:00:03]} Be7 {[%emt 0:00:05]} 10. Qd3 {[%emt 0:00:02]} Qa5 {[%emt 0:03:51]} 11. h4 {[%emt 0:00:29]} O-O {[%emt 0:00:16]} 12. Nd4 {[%emt 0:00:22]} Rfd8 {[%emt 0:00:25]} 13. Kb1 {[%emt 0:01:40]} Be8 {[%emt 0:02:21]} 14. f4 {[%emt 0:00:38]} a6 {[%emt 0:05:05]} 15. g4 {[%emt 0:01:52]} Rac8 {[%emt 0:01:56]} 16. Rhg1 {[%emt 0:07:28]} Qc5 {[%emt 0:04:56]} 17. f5 {[%emt 0:24:59]} Bd7 {[%emt 0:05:26]} 18. Bc1 {[%emt 0:03:53]} Qc4 {[%emt 0:05:03]} 19. Qf3 {[%emt 0:06:40]} Qb4 {[%emt 0:03:45]} 20. Nde2 {[%emt 0:07:08]} Bc6 {[%emt 0:19:09]} 21. Rd4 {[%emt 0:00:28]} Qa5 {[%emt 0:02:04]} 22. g5 {[%emt 0:07:57]} Nxe4 {[%emt 0:23:27]} 23. Nxe4 {[%emt 0:00:53]} exf5 24. Qc3 {[%emt 0:00:45]} Qb5 {[%emt 0:00:04]} 25. N4g3 {[%emt 0:08:08]} Be4 {[%emt 0:00:27]} 26. Qe3 {[%emt 0:00:13]} Bxc2+ {[%emt 0:01:05]} 27. Ka1 {[%emt 0:00:14]} Bf8 {[%emt 0:01:22]} 28. Nc3 {[%emt 0:03:37]} Qa5 {[%emt 0:03:19]} 29. Bd2 {[%emt 0:05:10]} Qc5 {[%emt 0:03:37]} 30. Rd5 {[%emt 0:01:20]} Qxe3 {[%emt 0:00:34]} 31. Bxe3 {[%emt 0:00:02]} Re8 {[%emt 0:01:07]} 32. Bd2 {[%emt 0:07:44]} Rc4 {[%emt 0:01:07]} 33. Nxf5 {[%emt 0:01:52]} Bxf5 {[%emt 0:01:42]} 34. Rxf5 {[%emt 0:00:01]} Rxh4 {[%emt 0:00:21]} 35. Rgf1 {[%emt 0:00:02]} Re7 {[%emt 0:01:38]} 36. Nd5 {[%emt 0:00:12]} Rd7 {[%emt 0:00:34]} 37. Bc3 {[%emt 0:00:24]} Re4 {[%emt 0:00:45]} 38. Kb1 {[%emt 0:01:30]} Re2 {[%emt 0:00:48]} 39. b3 {[%emt 0:00:13]} Re4 {[%emt 0:00:44]} 40. Bb2 {[%emt 0:00:19]} Re8 {[%emt 0:02:26]} 41. R5f3 {[%emt 0:01:12]} Re2 {[%emt 0:00:30]} 42. Rh1 {[%emt 0:03:21]} Rd2 {[%emt 0:00:30]} 43. Nb6 {[%emt 0:02:23]} Re7 {[%emt 0:01:28]} 44. Rfh3 {[%emt 0:00:11]} h6 {[%emt 0:04:13]} 45. Bc3 {[%emt 0:01:27]} Rf2 {[%emt 0:00:37]} 46. gxh6 {[%emt 0:00:13]} gxh6 {[%emt 0:00:09]} 47. Rg3+ {[%emt 0:02:25]} Kh7 {[%emt 0:00:01]} 48. Nd5 {[%emt 0:00:01]} Re6 {[%emt 0:00:24]} 49. Rhg1 {[%emt 0:00:07]} f6 {[%emt 0:03:33]} 50. Rg8 {[%emt 0:00:52]} Rf5 {[%emt 0:00:53]} 51. Rxf8 {[%emt 0:00:12]} Rxd5 {[%emt 0:00:17]} 52. Rf7+ {[%emt 0:00:12]} Kh8 {[%emt 0:00:04]} 53. Bxf6+ {[%emt 0:00:03]} Rxf6 {[%emt 0:00:04]} 54. Rxf6 {[%emt 0:00:03]} 1-0